Arte Cubano/ (Record no. 3370)

MARC details
000 -LEADER
campo de control de longitud fija 01895nam a22004097a 4500
003 - IDENTIFICADOR DE NÚMERO DE CONTROL
campo de control OSt
005 - FECHA Y HORA DE LA ÚLTIMA TRANSACCIÓN
campo de control 20230413140047.0
008 - DATOS DE LONGITUD FIJA--INFORMACIÓN GENERAL
campo de control de longitud fija 221006b |||||||| |||| 00| 0 eng d
040 ## - FUENTE DE CATALOGACIÓN
Centro/agencia transcriptor Biblioteca Lado V
082 ## - NÚMERO DE LA CLASIFICACIÓN DECIMAL DEWEY
Número de clasificación 700
Número de ítem K41a
100 ## - ENTRADA PRINCIPAL--NOMBRE DE PERSONA
9 (RLIN) 798
Nombre de persona Acosta de Arriba, Rafael
Término indicativo de función/relación editor
-- director
245 ## - MENCIÓN DEL TÍTULO
Título Arte Cubano/
Resto del título Revista de Artes Visuales/
260 ## - PUBLICACIÓN, DISTRIBUCIÓN, ETC.
Nombre del editor, distribuidor, etc. Consejo Nacional de las Artes Plasticas
Fecha de publicación, distribución, etc. 2002
Lugar de publicación, distribución, etc. Cuba
300 ## - DESCRIPCIÓN FÍSICA
Dimensiones 22x32cm
Extensión 78p.
366 ## - INFORMACIÓN SOBRE DISPONIBILIDAD COMERCIAL
Nota spa
490 ## - MENCIÓN DE SERIE
Designación de volumen o secuencia 2002
Mención de serie 2 y 3
Número Internacional Normalizado para Publicaciones Seriadas 1024 8439
505 ## - NOTA DE CONTENIDO CON FORMATO
Título Marcelo Pogolotti La visualidad non e finita
505 ## - NOTA DE CONTENIDO CON FORMATO
Título El grado cero de la utopia
505 ## - NOTA DE CONTENIDO CON FORMATO
Título La espada y la cuerda
505 ## - NOTA DE CONTENIDO CON FORMATO
Título Ruta Critica
Nota de contenido con formato Arte rodante<br/><br/>Intercambio miradas: Una exposicion de arte de Cuba en Hamburgo<br/><br/>Dicciones de alquimia: La obra de Ernesto Benitez<br/><br/>El arte de las cautelas o las cautelas del arte<br/><br/>Otra vuelta de pintura<br/>
505 ## - NOTA DE CONTENIDO CON FORMATO
Título Dossier Wilfredo Lam
505 ## - NOTA DE CONTENIDO CON FORMATO
Título Pensando Alto A cargo de Magaly Espinosa
Nota de contenido con formato Ruptura y restauraciones
505 ## - NOTA DE CONTENIDO CON FORMATO
Título Historieta
Nota de contenido con formato La renuncia
505 ## - NOTA DE CONTENIDO CON FORMATO
Título Entrevista/Leandro Soto
Nota de contenido con formato Hago todo lo posible por estar despierto<br/><br/><br/><br/>Di con quien andas y sabre quien eres<br/><br/>De piedras y apel: testigos necesarios<br/><br/>
505 ## - NOTA DE CONTENIDO CON FORMATO
Título Otros espacios...
Nota de contenido con formato El diseno del libro cubano en los 90
505 ## - NOTA DE CONTENIDO CON FORMATO
Título Summary
650 ## - PUNTO DE ACCESO ADICIONAL DE MATERIA--TÉRMINO DE MATERIA
Fuente del encabezamiento o término Tesauro de Arte & Arquitectura
Término de materia o nombre geográfico como elemento de entrada ARTE
9 (RLIN) 703
650 ## - PUNTO DE ACCESO ADICIONAL DE MATERIA--TÉRMINO DE MATERIA
Fuente del encabezamiento o término Tesauro de Arte & Arquitectura
Término de materia o nombre geográfico como elemento de entrada EXPOSICIONES
650 ## - PUNTO DE ACCESO ADICIONAL DE MATERIA--TÉRMINO DE MATERIA
Fuente del encabezamiento o término Tesauro de Arte & Arquitectura
Término de materia o nombre geográfico como elemento de entrada BIENAL
650 ## - PUNTO DE ACCESO ADICIONAL DE MATERIA--TÉRMINO DE MATERIA
Fuente del encabezamiento o término Tesauro de Arte & Arquitectura
Término de materia o nombre geográfico como elemento de entrada APRECIACION
650 ## - PUNTO DE ACCESO ADICIONAL DE MATERIA--TÉRMINO DE MATERIA
Fuente del encabezamiento o término Tesauro de Arte & Arquitectura
Término de materia o nombre geográfico como elemento de entrada TEORIA
650 ## - PUNTO DE ACCESO ADICIONAL DE MATERIA--TÉRMINO DE MATERIA
Fuente del encabezamiento o término Tesauro de Arte & Arquitectura
Término de materia o nombre geográfico como elemento de entrada CRITICA
650 ## - PUNTO DE ACCESO ADICIONAL DE MATERIA--TÉRMINO DE MATERIA
Fuente del encabezamiento o término Tesauro de Arte & Arquitectura
Término de materia o nombre geográfico como elemento de entrada FOTOGRAFIA
9 (RLIN) 702
650 ## - PUNTO DE ACCESO ADICIONAL DE MATERIA--TÉRMINO DE MATERIA
Fuente del encabezamiento o término Tesauro de Arte & Arquitectura
Término de materia o nombre geográfico como elemento de entrada LITERATURA
650 ## - PUNTO DE ACCESO ADICIONAL DE MATERIA--TÉRMINO DE MATERIA
Fuente del encabezamiento o término Tesauro de Arte & Arquitectura
Término de materia o nombre geográfico como elemento de entrada CUBANO
942 ## - ELEMENTOS DE ENTRADA SECUNDARIOS (KOHA)
Fuente del sistema de clasificación o colocación Clasificación Decimal Dewey
Tipo de ítem Koha Libros
Parte de la signatura que corresponde a la clasificación (Parte de la clasificación) 701.18
Parte de la signatura que identifica el ejemplar (Parte del ítem) A185a
Suprimir en OPAC No
Holdings
Estatus retirado Estado de pérdida Fuente del sistema de clasificación o colocación Especificación de materiales (volumen encuadernado u otra parte) Estado de daño No para préstamo Colección Biblioteca de origen Biblioteca actual Fecha de adquisición Enumeración/cronología de publicación seriada Número de inventario Total de préstamos Signatura topográfica completa Código de barras Visto por última vez Precio de reemplazo Tipo de ítem Koha
    Clasificación Decimal Dewey 2002     Revistas Biblioteca LadoV Biblioteca LadoV 13/04/2023 2-3 003250   701.18 A185a 003250 13/04/2023 13/04/2023 Libros